History and theory: studies in the philosophy of history / Theme issue
| Subtitles: | History and theory / Theme issue |
|---|---|
| Format: | Electronic Series/Journal |
| Language: | English |
| Subito Delivery Service: | Order now. |
| Check availability: | HBZ Gateway |
| WorldCat: | WorldCat |
| Interlibrary Loan: | Für eine Fernleihe wählen Sie bitte zuerst einen Band oder Aufsatz aus. |
| Published: |
Malden, Mass.
Wiley
1994-
Middletown, Conn. Wesleyan Univ. anfangs |
| In: | Year: 1994 |
| Volumes / Articles: | Show volumes/articles. |
| Further subjects: | B
Publication series
|
| Online Access: |
Volltext (Digitalisierung; 33.1994 -; jeweils die letzten 5 Jahre nicht verfügbar) Volltext (Frontdoor-Url) |
| Parallel Edition: | Non-electronic
|
MARC
| LEADER | 00000cas a2200000 c 4500 | ||
|---|---|---|---|
| 001 | 547086024 | ||
| 003 | DE-627 | ||
| 005 | 20250201154525.0 | ||
| 007 | cr ||||||||||| | ||
| 008 | 071022c19949999xxuz| m|o 0 |0eng c | ||
| 016 | 7 | |a 986100676 |2 DE-101 | |
| 016 | 7 | |a 2392641-7 |2 DE-600 | |
| 035 | |a (DE-627)547086024 | ||
| 035 | |a (DE-576)410111260 | ||
| 035 | |a (DE-599)ZDB2392641-7 | ||
| 035 | |a (OCoLC)1368477419 | ||
| 040 | |a DE-627 |b ger |c DE-627 |e rakwb | ||
| 041 | |a eng | ||
| 044 | |c XD-US | ||
| 082 | 0 | 4 | |a 100 |a 900 |q DE-600 |
| 084 | |a PHILOS |q DE-12 |2 fid | ||
| 084 | |a NA 1000 |q SEPA |2 rvk |0 (DE-625)rvk/124053: | ||
| 084 | |a 15.03 |2 bkl | ||
| 245 | 0 | 0 | |a History and theory |b studies in the philosophy of history |p Theme issue |c publ. on behalf of Wesleyan University |
| 246 | 1 | |i Abweichender Titel |a History and theory / Theme issue | |
| 264 | 3 | 1 | |a Malden, Mass. |b Wiley |c 1994- |
| 264 | 2 | 1 | |a Middletown, Conn. |b Wesleyan Univ. |c anfangs |
| 300 | |a Online-Ressource | ||
| 336 | |a Text |b txt |2 rdacontent | ||
| 337 | |a Computermedien |b c |2 rdamedia | ||
| 338 | |a Online-Ressource |b cr |2 rdacarrier | ||
| 362 | 0 | |a 33.1994 - | |
| 363 | 0 | 1 | |i 1994 |
| 500 | |a Gesehen am 11.07.2014 | ||
| 601 | |a Historie | ||
| 601 | |a Philosophie | ||
| 655 | 7 | |a Monografische Reihe |0 (DE-588)4179998-7 |0 (DE-627)104628669 |0 (DE-576)209995106 |2 gnd-content | |
| 776 | 1 | |x 2692-0069 | |
| 776 | 0 | 8 | |i Erscheint auch als |n Druck-Ausgabe |t History and theory |d Middletown, Conn. : Univ., 1994 |w (DE-627)184961114 |w (DE-600)1229435-4 |w (DE-576)05281825X |x 2692-0069 |k Non-Electronic |
| 787 | 0 | 8 | |i 33=33,4; 34=34,2; 35=35,4; 36=36,4; usw. von |t History and theory |d Hoboken, NJ : Wiley, 1960 |h Online-Ressource |w (DE-627)271597585 |w (DE-600)1480747-6 |w (DE-576)07870815X |x 1468-2303 |
| 856 | 4 | 0 | |u https://www.jstor.org/journal/historytheory |x Digitalisierung; 33.1994 -; jeweils die letzten 5 Jahre nicht verfügbar |7 1 |
| 856 | 4 | 0 | |u https://ezb.ur.de/?2392641-7 |x Frontdoor-Url |7 1 |
| 912 | |a ZDB-1-JMC | ||
| 912 | |a ZDB-1-JP1 | ||
| 912 | |a ZDB-1-JA2 | ||
| 912 | |a ZDB-1-JAJP | ||
| 936 | r | v | |a NA 1000 |b Zeitschriften und Jahrbücher |k Geschichte |k Zeitschriften und Jahrbücher |0 (DE-627)1275270174 |0 (DE-625)rvk/124053: |0 (DE-576)205270174 |
| 936 | b | k | |a 15.03 |j Theorie und Methoden der Geschichtswissenschaft |0 (DE-627)106413589 |
| 951 | |a ST | ||
| ELC | |a 1 | ||
| ORI | |a SA-MARC-ixtheo_ob001.raw | ||
| REL | |a 1 | ||
| SPR | |a 1 |t IXT |t REL | ||
| SUB | |a REL | ||



